Economic review: Kerala 1974-77 (Record no. 44945)

MARC details
000 -LEADER
fixed length control field 00300nam a2200109Ia 4500
082 ## - DEWEY DECIMAL CLASSIFICATION NUMBER
Classification number 33(548.3)
Item number KER
245 #0 - TITLE STATEMENT
Title Economic review: Kerala 1974-77
260 ## - PUBLICATION, DISTRIBUTION, ETC. (IMPRINT)
Place of publication Trivandrum
Name of publisher State Planning Board
Year of publication 1976
650 ## - SUBJECT ADDED ENTRY--TOPICAL TERM
Topical Term Kerala Economic Review
942 ## - ADDED ENTRY ELEMENTS (KOHA)
Koha item type Books
Holdings
Withdrawn status Lost status Damaged status Not for loan Collection code Home library Current library Date acquired Source of acquisition Full call number Accession Number Koha item type
        Journal register RRII Library RRII Library 16/12/2021 Auction 33(548.3) KER J05801 Books